| 000 | 00638nam a2200217Ia 4500 | ||
|---|---|---|---|
| 003 | OSt | ||
| 005 | 20250127105926.0 | ||
| 008 | 210716s1991 xx 000 0 und d | ||
| 040 | _cAIMIT LIBRARY | ||
| 041 | _aeng | ||
| 082 |
_a006.620288 _21 _bFAIH |
||
| 100 |
_aFairhead, Harry. _9195569 |
||
| 245 |
_a386/486 PC : _bpower users guide / _cBy Harry Fairhead. |
||
| 250 | _a1st ed. | ||
| 260 |
_aNew Delhi : _bBPB Publications , _c1991. |
||
| 300 |
_a275p. ; _bPB _c22.5 cm |
||
| 650 |
_aSystem performance _9195570 |
||
| 650 |
_aMemory speed _9195571 |
||
| 650 |
_aMemory adding RAM _9195572 |
||
| 942 |
_2ddc _cBK _e1st _k006.620288 FALH |
||
| 999 |
_c181912 _d181912 |
||